000
00290nam a22001337a 4500
008
170915b xxu||||| |||| 00| 0 eng d
020
_a
9780312041175
041
_a
eng
080
_a
7
100
_a
44
101
_a
ART
245
_a
THE EDITORIAL EYE
_c
HARRISON.J.T
942
_2
udc
_c
BK
999
_c
27827
_d
27827